Dos periódicos al servicio de las marcas globalizadoras
Guardado en:
| Format: | Texto |
|---|---|
| Fag: | |
| Tags: |
Tilføj Tag
Ingen Tags, Vær først til at tagge denne postø!
|
MARC
| LEADER | 00000 a a2200000 04500 | ||
|---|---|---|---|
| 001 | 6819 | ||
| 003 | |||
| 040 | |||
| 245 | |a Dos periódicos al servicio de las marcas globalizadoras | ||
| 650 | |a MEDIOS DE COMUNICACION | ||
| 650 | |a GLOBALIZACION | ||
| 650 | |a EL SALVADOR | ||
| 773 | |g volumen 28, número 1248; páginas 9-10 | ||
| 999 | |c 29400 |d 29400 | ||
